000 01140nam a22002894a 4500
001 ebr10285217
003 CaPaEBR
006 m u
007 cr cn|||||||||
008 070319s2007 cau sb 001 0 eng
010 _z 2007925095
020 _z9780761959090
020 _z9780761959106
040 _aCaPaEBR
_cCaPaEBR
035 _a(OCoLC)324928305
050 1 4 _aPN1992.8.L58
_bM38 2007eb
100 1 _aMarriott, Stephanie.
245 1 0 _aLive television
_h[electronic resource] :
_btime, space and the broadcast event /
_cStephanie Marriott.
260 _aLos Angeles :
_bSage,
_c2007.
300 _a137 p.
504 _aIncludes bibliographical references (p. [130]-134) and index.
533 _aElectronic reproduction.
_bPalo Alto, Calif. :
_cebrary,
_d2013.
_nAvailable via World Wide Web.
_nAccess may be limited to ebrary affiliated libraries.
650 0 _aLive television programs
_xHistory and criticism.
655 7 _aElectronic books.
_2local
710 2 _aebrary, Inc.
856 4 0 _uhttp://site.ebrary.com/lib/rucke/Doc?id=10285217
_zAn electronic book accessible through the World Wide Web; click to view
999 _c1868
_d1868